BSOP header

New Testament exegesis ; a handbook for students and pastors / (Record no. 14957)

MARC details
000 -LEADER
fixed length control field 00609nam a2200181 4500
008 - FIXED-LENGTH DATA ELEMENTS--GENERAL INFORMATION
fixed length control field 030311s1983 us eng
020 ## - INTERNATIONAL STANDARD BOOK NUMBER
International Standard Book Number 0664244696
090 ## - LOCALLY ASSIGNED LC-TYPE CALL NUMBER (OCLC); LOCAL CALL NUMBER (OCLC)
Classification number (OCLC) (R) ; Classification number, CALL (RLIN) (NR) BS476
Local cutter number (OCLC) ; Book number/undivided call number, CALL (RLIN) F32n
100 1# - MAIN ENTRY--PERSONAL NAME
Personal name Fee, Gordon D.
245 10 - TITLE STATEMENT
Title New Testament exegesis ; a handbook for students and pastors /
Statement of responsibility, etc Gordon D. Fee.
260 ## - PUBLICATION, DISTRIBUTION, ETC. (IMPRINT)
Place of publication, distribution, etc Kentucky :
Name of publisher, distributor, etc Westminster John Knox Press,
Date of publication, distribution, etc c1983.
300 ## - PHYSICAL DESCRIPTION
Extent 154 p.
650 #4 - SUBJECT ADDED ENTRY--TOPICAL TERM
Topical term or geographic name as entry element Bible
General subdivision Hermeneutics
-- handbooks, manuals,etc.
650 #4 - SUBJECT ADDED ENTRY--TOPICAL TERM
Topical term or geographic name as entry element Greek language
General subdivision Exegetical grammar.
951 ## - EQUIVALENCE OR CROSS-REFERENCE-GEOGRAPHIC NAME/AREA NAME [OBSOLETE] [CAN/MARC only]
General subdivision 00010907
950 0# - LOCAL HOLDINGS (RLIN)
-- .66
951 ## - EQUIVALENCE OR CROSS-REFERENCE-GEOGRAPHIC NAME/AREA NAME [OBSOLETE] [CAN/MARC only]
-- 10439
-- BS476/F32n
-- 070613111223281
-- 2000-12-21
-- GC
942 00 - ADDED ENTRY ELEMENTS (KOHA)
Koha issues (borrowed), all copies 1
Holdings
Withdrawn status Lost status Damaged status Not for loan Home library Current library Shelving location Date acquired Accession number Shelving control number Total Checkouts Full call number Barcode Date last seen Date last borrowed Price effective from Koha item type
        BSOP Library BSOP Library GC 12/21/2000 10439 127 1 BS476/F32n 00010907 03/20/2019 03/16/2019 02/23/2013 Books
BSOP

Biblical Seminary of the Philippines
  All rights Reserved
  © 2024

CONTACT INFORMATION

Biblical Seminary of the Philippines,
  77-B Karuhatan Road, Valenzuela City,
  PHILIPPINES 1441
  Phone: +632 8292-6795 / 8292-6798
  Fax : +632 8292-6675
  Email: library@bsop.edu.ph